000 00859nab a2200253 u 4500
001 11857
003 HDC
007 cr bn ---aaaaa
008 210208c mydr|nes 0 a eng d
040 _aHDC
100 _aChoi, John,
_eauthor
_912220
245 0 _aSouth Korea to Operate Designated Slaughterhouses for Halal Food /
_cby John Choi
260 _a[no place] :
_b[publisher not identified],
_c[no year]
336 _atext
_2rdacontent
337 _acomputer
_2rdamedia
338 _aonline resource
_2rdacarrier
650 _aHalal food
_950
650 _aSlaughterhouse
_96608
710 _aThe Korea Bizwire
856 _zRequest full-text at [email protected]
942 _2lcc
942 _cNEWS
942 _kNWSO 002647
999 _c9180
_d9180